Las Sociedades e instituciones de fomento agrícola en Costa Rica: 1864-1910 /
Guardado en:
| Hovedforfatter: | |
|---|---|
| Format: | Texto |
| Fag: | |
| Tags: |
Tilføj Tag
Ingen Tags, Vær først til at tagge denne postø!
|
MARC
| LEADER | 00000 a a2200000 04500 | ||
|---|---|---|---|
| 001 | 74 | ||
| 003 | |||
| 040 | |||
| 100 | |a Naranjo Gutiérrez, Carlos | ||
| 245 | |a Las Sociedades e instituciones de fomento agrícola en Costa Rica: 1864-1910 / |c Carlos Naranjo Gutiérrez | ||
| 650 | |a SOCIEDAD | ||
| 650 | |a INSTITUCIONES PUBLICAS | ||
| 650 | |a SECTOR AGROPECUARIO | ||
| 650 | |a POBLACION AGRICOLA | ||
| 650 | |a ANALISIS HISTORICO | ||
| 650 | |a PUBLICACIONES PERIODICAS | ||
| 773 | |g número 27 -28; páginas 49-62 | ||
| 999 | |c 23386 |d 23386 | ||
| 773 | 0 | |0 18806 |9 2155 |a Universidad Nacional de Costa Rica |d Heredia: C.R.: EUNA |o 02535 |t ABRA |x 14093928 | |
